[Event "Reykjavik Open 2016"]
[Site "Reykjavik ISL"]
[Date "2016.03.14"]
[Round "8.7"]
[White "Sargissian, Gabriel"]
[Black "Sarkar, Justin"]
[Result "1-0"]
[WhiteTitle "GM"]
[BlackTitle "IM"]
[WhiteElo "2702"]
[BlackElo "2426"]
[WhiteFideId "13300881"]
[BlackFideId "2010011"]
[EventDate "2016.03.08"]

1. Nf3 d5 2. d4 Nf6 3. c4 dxc4 4. e3 b5 5. a4 b4 6. Bxc4 e6 7. O-O Be7 8. b3 O-O
9. Bb2 Nbd7 10. Nbd2 Bb7 11. Qe2 a5 12. Rac1 c5 13. Bb5 cxd4 14. Bxd4 Rc8 15.
Rfd1 Rxc1 16. Rxc1 Qb8 17. Nc4 Qa8 18. Nfe5 Nxe5 19. Nxe5 Rc8 20. Rxc8+ Qxc8 21.
Nc4 Qa8 22. f3 Nd5 23. Qb2 Nc3 24. Bxc3 bxc3 25. Qxc3 Bb4 26. Qd4 Bd5 27. Nb6
Qf8 28. Nd7 Qc8 29. Qb2 f6 30. Nb6 Qc5 31. Nxd5 exd5 32. Kf2 Kf7 33. Ke2 Qc3 34.
Qxc3 Bxc3 35. Kd3 d4 36. exd4 Bb4 37. Ke4 Ke6 38. Ba6 h6 39. h4 Kd6 40. Kf5 Ke7
41. Kg6 Kf8 42. h5 Bd6 43. Bc4 Bb4 44. f4 Bd2 45. f5 Bc3 46. d5 Bb4 47. g4 Be7
48. Be2 Kg8 49. b4 Bxb4 50. g5 fxg5 51. f6 Bc3 52. fxg7 Bxg7 53. d6 Be5 54. d7
Bc7 55. Kxh6 Kf7 56. Kxg5 Kg7 57. h6+ Kf7 58. Kf5 Bd8 59. Ke4 1-0

[Event "Reykjavik Open 2016"]
[Site "Reykjavik ISL"]
[Date "2016.03.14"]
[Round "8.8"]
[White "Andreikin, Dmitry"]
[Black "Thorfinnsson, Bragi"]
[Result "1-0"]
[WhiteTitle "GM"]
[BlackTitle "IM"]
[WhiteElo "2732"]
[BlackElo "2419"]
[WhiteFideId "4158814"]
[BlackFideId "2300958"]
[EventDate "2016.03.08"]

1. d4 Nf6 2. Bg5 c5 3. d5 Qb6 4. Nc3 Qxb2 5. Bd2 Qb6 6. e4 d6 7. f4 a6 8. e5
Nfd7 9. Nf3 g6 10. Rb1 Qc7 11. Ng5 h6 12. Nxf7 Kxf7 13. e6+ Ke8 14. exd7+ Nxd7
15. Bd3 Rg8 16. Bxg6+ Kd8 17. f5 Ne5 18. O-O b5 19. Ne2 Bd7 20. Nf4 Kc8 21. Bh7
Rh8 22. Ng6 Rxh7 23. Nxf8 Rf7 24. Ne6 Bxe6 25. dxe6 Rf8 26. Bxh6 Rg8 27. f6 Qc6
28. Qe2 exf6 29. Rxf6 Kb7 30. e7 Rae8 31. Rd1 Rxe7 32. Rdxd6 Nd7 33. Rde6 Rxe6
34. Rxe6 Qd5 35. h3 Ka7 36. Re7 Rg6 37. Bf4 Kb6 38. Kh2 Kc6 39. a4 Kb6 40. c4
bxc4 41. a5+ Kc6 42. Qc2 1-0

[Event "Reykjavik Open 2016"]
[Site "Reykjavik ISL"]
[Date "2016.03.14"]
[Round "8.9"]
[White "Melkumyan, Hrant"]
[Black "Lehner, Oliver"]
[Result "1-0"]
[WhiteTitle "GM"]
[BlackTitle "IM"]
[WhiteElo "2653"]
[BlackElo "2418"]
[WhiteFideId "13302485"]
[BlackFideId "1602560"]
[EventDate "2016.03.08"]

1. c4 Nf6 2. Nc3 g6 3. e4 d6 4. d4 Bg7 5. Nf3 O-O 6. h3 e5 7. d5 Na6 8. Be3 Nc5
9. Nd2 a5 10. g4 Bd7 11. Be2 a4 12. a3 c6 13. g5 Ne8 14. h4 Qa5 15. h5 Nc7 16.
Bxc5 Qxc5 17. Nxa4 Qa7 18. Nc3 f6 19. hxg6 fxg5 20. Rh2 hxg6 21. Bg4 Be8 22. Qe2
Rf4 23. Kf1 Bf7 24. Kg1 Qb6 25. Rb1 Ne8 26. Rg2 Nf6 27. Nf1 Rf8 28. Ne3 Nxe4 29.
Nxe4 Rxe4 30. Qf3 Rf4 31. Qh3 Re8 32. b4 Qd8 33. a4 e4 34. a5 cxd5 35. Nxd5 Bxd5
36. cxd5 Be5 37. Qh6 Qf6 38. Be6+ Rxe6 39. dxe6 Qxe6 40. Qxg5 Kg7 41. Rc1 Qf7
42. b5 Rf5 43. Rc7 1-0

[Event "Reykjavik Open 2016"]
[Site "Reykjavik ISL"]
[Date "2016.03.14"]
[Round "8.12"]
[White "Tan, Justin2"]
[Black "Brunello, Sabino"]
[Result "0-1"]
[WhiteTitle "IM"]
[BlackTitle "GM"]
[WhiteElo "2441"]
[BlackElo "2567"]
[WhiteFideId "3206882"]
[BlackFideId "813613"]
[EventDate "2016.03.08"]

1. Nf3 d5 2. g3 c5 3. Bg2 Nc6 4. O-O e5 5. d3 Nf6 6. c4 Be7 7. Na3 d4 8. Nc2 a5
9. b3 O-O 10. a3 Bg4 11. h3 Bf5 12. Rb1 h6 13. Nd2 Qd7 14. Kh2 Rfe8 15. Ne4 Bxe4
16. dxe4 a4 17. b4 Qe6 18. Qd3 Bf8 19. h4 b5 20. Bh3 bxc4 21. Qf3 Qe7 22. g4 Nh7
23. g5 hxg5 24. Rg1 g6 25. b5 Nd8 26. hxg5 Ne6 27. Qg3 Bg7 28. Ne1 c3 29. Nd3
Qd6 30. Rh1 Rab8 31. Kg2 Nhf8 32. f3 c4 33. Nf2 d3 34. Be3 d2 35. Rbd1 Rxb5 36.
Ng4 Nd7 37. Nf6+ Nxf6 38. gxf6 Bxf6 39. Bf5 Nf4+ 40. Kf2 Bg7 0-1

[Event "Reykjavik Open 2016"]
[Site "Reykjavik ISL"]
[Date "2016.03.14"]
[Round "8.13"]
[White "Tari, Aryan"]
[Black "Liang, Awonder"]
[Result "1/2-1/2"]
[WhiteTitle "IM"]
[BlackTitle "IM"]
[WhiteElo "2553"]
[BlackElo "2405"]
[WhiteFideId "1510045"]
[BlackFideId "2056437"]
[EventDate "2016.03.08"]

1. e4 e5 2. Nf3 Nc6 3. Bb5 a6 4. Ba4 Nf6 5. O-O Be7 6. d3 b5 7. Bb3 d6 8. a4 Bd7
9. c3 O-O 10. Bc2 Bg4 11. h3 Bh5 12. Re1 Qd7 13. Nbd2 d5 14. Nf1 dxe4 15. dxe4
Qxd1 16. Rxd1 b4 17. g4 Bg6 18. Ng3 Rfd8 19. Be3 b3 20. Bd3 Rxd3 21. Rxd3 Nxe4
22. Rd7 Nxg3 23. Rxc7 Be4 24. Nd2 Bd8 25. Rd7 Ne2+ 26. Kf1 Nxc3 27. bxc3 Bc2 28.
Nc4 e4 29. Ke1 Bd3 30. Nb2 Bf6 31. Kd2 Ne5 32. Rc7 Bc2 33. Kc1 h6 34. a5 Rd8 35.
Ra7 Nd3+ 36. Nxd3 exd3 37. Bd2 Rd6 38. Kb2 Bh4 39. Re1 Bxf2 40. Re8+ Kh7 41.
Rxf7 Bh4 42. Rb8 Bg5 43. Rf2 Bh4 44. Rff8 Rd5 45. Rf5 Rd7 46. Rxb3 Bxb3 47. Kxb3
Bg5 48. Rf2 Bh4 49. Rf3 Bg5 50. Bxg5 hxg5 51. Rf1 Kg6 52. Kc4 d2 53. Rd1 Kf6 54.
Kb3 Rd5 55. c4 Rd3+ 56. Kc2 Rd4 57. Rxd2 Rxc4+ 58. Kb3 Re4 59. Rd6+ Re6 60. Rb6
Ke5 61. Kb4 Kd5 62. Rxe6 Kxe6 63. Kc5 Ke5 64. Kb6 Kd6 65. Kb7 Kd7 66. Kxa6 Kc6
67. Ka7 Kc7 68. Ka8 Kc8 69. Ka7 Kc7 70. a6 g6 71. Ka8 Kc8 72. a7 Kc7 73. h4 gxh4
74. g5 h3 1/2-1/2

[Event "Reykjavik Open 2016"]
[Site "Reykjavik ISL"]
[Date "2016.03.14"]
[Round "8.14"]
[White "Christiansen, Johan-Sebastian"]
[Black "Rambaldi, Francesco"]
[Result "0-1"]
[WhiteTitle "IM"]
[BlackTitle "GM"]
[WhiteElo "2401"]
[BlackElo "2541"]
[WhiteFideId "1512668"]
[BlackFideId "20657307"]
[EventDate "2016.03.08"]

1. Nf3 d5 2. g3 Bg4 3. Bg2 e6 4. c4 c6 5. O-O Nf6 6. d3 Bd6 7. h3 Bxf3 8. Bxf3
dxc4 9. dxc4 Qc7 10. Qc2 Nbd7 11. Bg2 h5 12. Nd2 g5 13. Rd1 O-O-O 14. Rb1 Ne5
15. Nf1 Rhg8 16. Qa4 Qb6 17. b4 Bc5 18. Rxd8+ Rxd8 19. Bxg5 Bxf2+ 20. Kh1 Ned7
21. b5 Rg8 22. Bd2 c5 23. Rd1 e5 24. Be3 Bxg3 25. Qc2 Bf4 26. Bxf4 exf4 27. Qf5
Qe6 28. Qxe6 fxe6 29. Rd6 Re8 30. e3 fxe3 31. Nxe3 Kc7 32. Rd2 Rg8 33. Kh2 h4
34. Nf1 Rg5 35. Rf2 Rh5 36. a4 b6 37. Nd2 Kd6 38. a5 bxa5 39. Bc6 Rf5 40. Nf3
Ne5 41. Rd2+ Kc7 42. Nxe5 Rxe5 43. Rg2 Nd7 44. Bxd7 Kxd7 45. Rg7+ Kd6 46. Rxa7
Re2+ 47. Kg1 Rc2 48. Ra6+ Ke5 49. b6 Rxc4 50. Rxa5 Kd6 51. b7 Rb4 52. Ra4 Rxb7
53. Rxh4 Rf7 54. Kg2 e5 55. Rh8 c4 56. Rd8+ Rd7 57. Ra8 Rc7 58. Kf3 c3 59. Ra1
Kd5 60. Ke3 Kc4 61. Ra8 Rh7 62. h4 Kb3 63. Rb8+ Kc2 64. Rb5 Rxh4 65. Rxe5 Rh3+
66. Ke2 Rh8 67. Re7 Rd8 68. Ke1 Kc1 69. Ke2 c2 70. Rh7 Rb8 71. Rc7 Kb2 72. Kd2
c1=Q+ 0-1

[Event "Reykjavik Open 2016"]
[Site "Reykjavik ISL"]
[Date "2016.03.14"]
[Round "8.15"]
[White "Koop, Thorben"]
[Black "Shabalov, Alexander"]
[Result "1/2-1/2"]
[WhiteTitle "IM"]
[BlackTitle "GM"]
[WhiteElo "2416"]
[BlackElo "2520"]
[WhiteFideId "24661619"]
[BlackFideId "2008572"]
[EventDate "2016.03.08"]

1. d4 Nf6 2. c4 e6 3. Nc3 Bb4 4. Bd2 d5 5. Nf3 O-O 6. e3 b6 7. cxd5 exd5 8. Bd3
Bb7 9. Ne5 Bd6 10. O-O c5 11. f4 Nc6 12. Qf3 cxd4 13. Nxc6 Bxc6 14. exd4 Qd7 15.
f5 Rfe8 16. Rae1 Bb4 17. Qg3 Rxe1 18. Rxe1 Ne4 19. Bxe4 dxe4 20. d5 Bxd5 21. Bh6
Bxc3 22. bxc3 f6 23. Rd1 Qf7 24. Rxd5 Kh8 25. Bxg7+ Qxg7 26. Qxg7+ Kxg7 27. Rd4
Kh6 28. Rxe4 Kg5 29. Re7 h5 30. Rh7 a5 31. Rg7+ Kf4 32. Rb7 Rd8 33. Rxb6 Rd1+
34. Kf2 Rd2+ 35. Kf1 Rxa2 36. Rxf6 a4 37. Rb6 Kxf5 38. Rb4 Rc2 39. Rxa4 Rxc3 40.
Ra2 Kg5 41. Kf2 Rb3 42. Re2 Kf4 43. g3+ Kg5 44. Kg2 h4 45. Ra2 hxg3 46. hxg3 Rb5
47. Ra8 1/2-1/2

[Event "Reykjavik Open 2016"]
[Site "Reykjavik ISL"]
[Date "2016.03.14"]
[Round "8.16"]
[White "Di Berardino, Diego Rafael"]
[Black "Vuilleumier, Alexandre"]
[Result "1-0"]
[WhiteTitle "IM"]
[BlackTitle "IM"]
[WhiteElo "2511"]
[BlackElo "2366"]
[WhiteFideId "2105446"]
[BlackFideId "1305662"]
[EventDate "2016.03.08"]

1. e4 c5 2. Nf3 d6 3. d4 cxd4 4. Nxd4 Nf6 5. Nc3 g6 6. Be3 Bg7 7. f3 O-O 8. Qd2
Nc6 9. g4 Be6 10. Nxe6 fxe6 11. O-O-O Ne5 12. Be2 Qc8 13. h4 Nc4 14. Bxc4 Qxc4
15. h5 Nd7 16. hxg6 Rxf3 17. Rxh7 Nf8 18. Rxg7+ Kxg7 19. b3 Qa6 20. Qh2 Rxe3 21.
Qf4 Nxg6 22. Qxe3 Qa5 23. Kb1 Qe5 24. Ne2 Rf8 25. g5 Nf4 26. Nd4 d5 27. Qc3 Kg8
28. exd5 exd5 29. Re1 Qg7 30. Qc5 b6 31. Qb4 Qxg5 32. Rxe7 Rf7 33. Re1 Qf6 34.
Qd2 Kf8 35. Rf1 Kg8 36. Ne2 1-0

[Event "Reykjavik Open 2016"]
[Site "Reykjavik ISL"]
[Date "2016.03.14"]
[Round "8.17"]
[White "Antal, Tibor Kende"]
[Black "Andersen, Mads"]
[Result "1/2-1/2"]
[WhiteTitle "FM"]
[BlackTitle "IM"]
[WhiteElo "2406"]
[BlackElo "2479"]
[WhiteFideId "738581"]
[BlackFideId "1413864"]
[EventDate "2016.03.08"]

1. e4 e5 2. Nf3 Nc6 3. Bb5 a6 4. Ba4 Nf6 5. O-O Be7 6. Re1 b5 7. Bb3 d6 8. c3
O-O 9. h3 Nb8 10. d4 Nbd7 11. Nbd2 Bb7 12. Bc2 Re8 13. Nf1 Bf8 14. Ng3 g6 15. a4
c5 16. d5 c4 17. Bg5 Nc5 18. Qd2 Be7 19. Bh6 Nfd7 20. Ra3 Nb6 21. axb5 axb5 22.
Rea1 Rxa3 23. Rxa3 Bc8 24. Be3 Qc7 25. Qd1 Bd7 26. Qa1 Nba4 27. Nd2 Qc8 28. Qb1
Bf6 29. Ne2 Bg7 30. b4 cxb3 31. Nxb3 Nxb3 32. Rxb3 f5 33. exf5 gxf5 34. Rxb5 f4
35. Ba7 Bxb5 36. Qxb5 Re7 37. Qxa4 Qb7 38. Bc5 dxc5 39. d6 Rd7 40. Qc4+ Kh8 41.
Qe6 Rf7 42. Qe8+ Rf8 43. d7 Qd5 44. c4 f3 45. Qh5 Qg8 46. Nc3 Bh6 47. g3 Qg5 48.
Qxg5 Bxg5 49. h4 Bd8 50. Ne4 Be7 51. Ba4 h5 52. Bc6 Rb8 53. Nd2 Rb6 54. Bb5 Rf6
55. Ne4 Rf8 56. Bc6 Rb8 57. Bb5 Ra8 58. Nd2 Ra1+ 59. Kh2 Ra2 60. Ne4 Ra8 61. g4
hxg4 62. Kg3 Kg7 63. Kxg4 Rf8 64. Kg3 Kg6 65. Nd2 Kh5 66. Nxf3 e4 67. Nd2 Bxh4+
68. Kh3 Rxf2 69. Nxe4 Rf3+ 70. Kg2 Kg4 71. Bc6 Re3 72. Nxc5 Re2+ 73. Kf1 Re1+
74. Kg2 Re2+ 75. Kf1 1/2-1/2

[Event "Reykjavik Open 2016"]
[Site "Reykjavik ISL"]
[Date "2016.03.14"]
[Round "8.18"]
[White "Braun, Christian2"]
[Black "Kristjansson, Stefan"]
[Result "1-0"]
[WhiteTitle "IM"]
[BlackTitle "GM"]
[WhiteElo "2386"]
[BlackElo "2478"]
[WhiteFideId "4692098"]
[BlackFideId "2301172"]
[EventDate "2016.03.08"]

1. e4 d5 2. exd5 Qxd5 3. Nc3 Qa5 4. d4 Nf6 5. Nf3 c6 6. Bc4 Bg4 7. h3 Bh5 8. g4
Bg6 9. Ne5 Nbd7 10. Nxd7 Nxd7 11. d5 Rd8 12. Bd2 Qc7 13. Qe2 Bxc2 14. Rc1 Bg6
15. dxc6 bxc6 16. Nb5 Qb8 17. Nd4 Ne5 18. Nxc6 Nxc6 19. Bb5 Be4 20. Rxc6 Rd7 21.
Qc4 Bxc6 22. Qxc6 Qd8 23. O-O 1-0

[Event "Reykjavik Open 2016"]
[Site "Reykjavik ISL"]
[Date "2016.03.14"]
[Round "8.19"]
[White "Lindsoe, Fredrik Aunan"]
[Black "Agdestein, Simen"]
[Result "0-1"]
[BlackTitle "GM"]
[WhiteElo "2112"]
[BlackElo "2610"]
[WhiteFideId "1506560"]
[BlackFideId "1500015"]
[EventDate "2016.03.08"]

1. Nf3 e6 2. c4 d5 3. d4 c6 4. Nc3 dxc4 5. e3 b5 6. a4 Bb4 7. Bd2 a5 8. axb5
Bxc3 9. Bxc3 cxb5 10. Ne5 Nf6 11. Qf3 Ra6 12. Qg3 O-O 13. Nxc4 Bb7 14. Nd2 b4
15. Bxa6 Bxa6 16. Qf3 Qb6 17. e4 Nc6 18. Qe3 Ng4 19. Qg3 f5 20. e5 Qb5 21. Qf3
Rd8 22. h3 bxc3 23. bxc3 Ngxe5 24. Qe3 f4 0-1

[Event "Reykjavik Open 2016"]
[Site "Reykjavik ISL"]
[Date "2016.03.14"]
[Round "8.20"]
[White "Stefansson, Hannes"]
[Black "Jackson, James P"]
[Result "1-0"]
[WhiteTitle "GM"]
[BlackTitle "FM"]
[WhiteElo "2600"]
[BlackElo "2347"]
[WhiteFideId "2300087"]
[BlackFideId "416860"]
[EventDate "2016.03.08"]

1. d4 Nf6 2. c4 c5 3. d5 e6 4. Nc3 exd5 5. cxd5 d6 6. Nf3 g6 7. Nd2 Bg7 8. e4
O-O 9. Be2 Nbd7 10. O-O a6 11. a4 Re8 12. h3 Rb8 13. Re1 Qc7 14. Qc2 c4 15. Nxc4
b5 16. axb5 axb5 17. Ne3 Nxe4 18. Nxb5 Qxc2 19. Nxc2 Bb7 20. Nb4 Ndf6 21. Bf3
Nc5 22. Be3 Bf8 23. Bd4 Nfd7 24. Nc6 Rbc8 25. Rxe8 Rxe8 26. Be3 Ne5 27. Bxc5
Nxf3+ 28. gxf3 dxc5 29. Ra7 Bxc6 30. dxc6 Rc8 31. c7 1-0

[Event "Reykjavik Open 2016"]
[Site "Reykjavik ISL"]
[Date "2016.03.14"]
[Round "8.21"]
[White "Dvirnyy, Danyyil"]
[Black "Hedman, Erik"]
[Result "1-0"]
[WhiteTitle "GM"]
[BlackTitle "FM"]
[WhiteElo "2572"]
[BlackElo "2349"]
[WhiteFideId "817570"]
[BlackFideId "1702351"]
[EventDate "2016.03.08"]

1. d4 Nf6 2. c4 c5 3. d5 e6 4. Nc3 exd5 5. cxd5 d6 6. e4 g6 7. Nge2 Bg7 8. Ng3
O-O 9. Be2 Na6 10. O-O Nc7 11. Bf4 Qe7 12. Qd2 Re8 13. Rfe1 Nd7 14. Bf1 a6 15.
a4 Rb8 16. Kh1 Ne5 17. Bxe5 Qxe5 18. f4 Qd4 19. Qc2 b5 20. e5 Qxf4 21. Re4 Bf5
22. Nxf5 Qxf5 23. exd6 Na8 24. Rxe8+ Rxe8 25. Qxf5 gxf5 26. axb5 a5 27. Na4 Be5
28. Re1 f6 29. b6 Rb8 30. d7 Kf7 31. d6 1-0

[Event "Reykjavik Open 2016"]
[Site "Reykjavik ISL"]
[Date "2016.03.14"]
[Round "8.22"]
[White "Ramirez, Alejandro"]
[Black "Pogan, Nikolas"]
[Result "1-0"]
[WhiteTitle "GM"]
[BlackTitle "FM"]
[WhiteElo "2564"]
[BlackElo "2285"]
[WhiteFideId "6500617"]
[BlackFideId "24673579"]
[EventDate "2016.03.08"]

1. Nf3 Nf6 2. d4 g6 3. Bf4 Bg7 4. Nbd2 d6 5. e4 O-O 6. h3 c5 7. dxc5 dxc5 8. Bh2
Nc6 9. c3 a6 10. a4 h6 11. Be2 Be6 12. O-O Qb6 13. Qc2 Na5 14. Ne5 Nb3 15. Nxb3
Bxb3 16. Qb1 Rad8 17. Ra3 Rd2 18. Bc4 Bc2 19. Qc1 Nxe4 20. Nf3 Rfd8 21. Nxd2
Nxd2 22. Qxc2 Nxc4 23. Raa1 Qxb2 24. Qe4 Qxc3 25. Rac1 Nd2 26. Qxb7 Qd4 27. Rfe1
Bf6 28. Qxa6 c4 29. Bc7 Rd7 30. Bb6 Qd5 31. Qc8+ Kg7 32. a5 c3 33. Rxc3 Bxc3 34.
Qxc3+ f6 35. Qb4 e5 36. Rc1 Nb3 37. Rc8 Qf7 38. Kh2 Nd4 39. a6 Ne6 40. Qa4 1-0

[Event "Reykjavik Open 2016"]
[Site "Reykjavik ISL"]
[Date "2016.03.14"]
[Round "8.23"]
[White "Midoux, Sebastien"]
[Black "Ly, Moulthun"]
[Result "1/2-1/2"]
[BlackTitle "IM"]
[WhiteElo "2342"]
[BlackElo "2500"]
[WhiteFideId "611140"]
[BlackFideId "3204405"]
[EventDate "2016.03.08"]

1. e4 c5 2. Nf3 Nc6 3. d4 cxd4 4. Nxd4 e6 5. Nc3 Qc7 6. f4 a6 7. Nxc6 Qxc6 8.
Bd3 b5 9. Qe2 Bb7 10. Bd2 Bc5 11. O-O-O Ne7 12. a3 O-O-O 13. h4 h5 14. Rh3 Kb8
15. Kb1 Ka8 16. Na2 d5 17. e5 d4 18. Rg3 g6 19. Nb4 Qb6 20. Be4 Bxe4 21. Qxe4+
Qb7 22. Qxb7+ Kxb7 23. Nd3 Bb6 24. Rf3 Nf5 25. g3 Rd5 26. Nf2 Rc8 27. Ne4 Rc4
28. Rd3 a5 29. Be1 Ka6 30. Bf2 Rc6 31. Ng5 Rc7 32. R1d2 a4 33. Nf3 Rcd7 34. Ng5
Bc5 35. Ne4 Be7 36. Re2 Rd8 37. Be1 Rc8 38. Bf2 b4 39. axb4 Bxb4 40. Ng5 Rc7 41.
Ne4 Rc8 42. Be1 Be7 43. Bf2 Rb8 44. Ka2 Rdb5 45. c3 dxc3 1/2-1/2

[Event "Reykjavik Open 2016"]
[Site "Reykjavik ISL"]
[Date "2016.03.14"]
[Round "8.24"]
[White "Danielsen, Henrik"]
[Black "Wahlbom, Magnus"]
[Result "1-0"]
[WhiteTitle "GM"]
[WhiteElo "2488"]
[BlackElo "2229"]
[WhiteFideId "1400185"]
[BlackFideId "1700685"]
[EventDate "2016.03.08"]

1. Nf3 Nf6 2. c4 g6 3. g3 Bg7 4. Bg2 O-O 5. O-O c5 6. Nc3 Nc6 7. d4 cxd4 8. Nxd4
Nxd4 9. Qxd4 d6 10. Bg5 Qa5 11. Qh4 Be6 12. Rac1 Rab8 13. Rfd1 Rfc8 14. b3 a6
15. Bd5 Bxd5 16. Nxd5 Nxd5 17. Rxd5 Qxa2 18. Bxe7 Qxb3 19. Bxd6 Qb2 20. Rcd1 Ra8
21. e3 a5 22. Bc7 Bf6 23. Qf4 a4 24. R5d2 Qc3 25. Rd3 Qb2 26. Bd6 Kg7 27. Ba3
Qe5 28. Qf3 Rxc4 29. Qxb7 Rb8 30. Qa6 Qb5 31. Qa7 Qb7 32. Rd7 Qxa7 33. Rxa7 Kg8
34. Rdd7 Be5 35. Rxf7 Rc3 36. Rfe7 Bf6 37. Re6 Rxa3 38. Rxf6 Ra1+ 39. Kg2 Ra2
40. Rff7 Rbb2 41. g4 1-0

[Event "Reykjavik Open 2016"]
[Site "Reykjavik ISL"]
[Date "2016.03.14"]
[Round "8.25"]
[White "Lampert, Jonas"]
[Black "Johannsson, Orn Leo"]
[Result "1-0"]
[WhiteTitle "IM"]
[WhiteElo "2472"]
[BlackElo "2194"]
[WhiteFideId "1303759"]
[BlackFideId "2303051"]
[EventDate "2016.03.08"]

1. d4 d5 2. c4 c6 3. Nf3 Nf6 4. e3 e6 5. Bd3 Nbd7 6. Nbd2 Bd6 7. O-O O-O 8. e4
e5 9. cxd5 cxd5 10. Re1 Qc7 11. exd5 exd4 12. Ne4 Nxd5 13. Nxd6 Qxd6 14. Nxd4
N7f6 15. Bg5 Bg4 16. Qd2 Rad8 17. Nf5 Qb4 18. h3 Qxd2 19. Bxd2 Nb6 20. hxg4 Rxd3
21. Bb4 Ra8 22. g5 Nfd5 23. Bc5 g6 24. Nh6+ Kg7 25. Rad1 Rxd1 26. Rxd1 f6 27.
Bd4 Re8 28. Ng4 Kf7 29. gxf6 g5 30. Nh6+ Kg6 31. f7 Rc8 32. Bc5 Kxh6 33. f8=Q+
Rxf8 34. Bxf8+ Kg6 35. Bc5 1-0

[Event "Reykjavik Open 2016"]
[Site "Reykjavik ISL"]
[Date "2016.03.15"]
[Round "9.1"]
[White "Grandelius, Nils"]
[Black "Gupta, Abhijeet"]
[Result "0-1"]
[WhiteTitle "GM"]
[BlackTitle "GM"]
[WhiteElo "2646"]
[BlackElo "2634"]
[WhiteFideId "1710400"]
[BlackFideId "5010608"]
[EventDate "2016.03.08"]

1. Nf3 Nf6 2. c4 g6 3. Nc3 d5 4. cxd5 Nxd5 5. g3 Bg7 6. Bg2 O-O 7. h4 h6 8. O-O
c5 9. Nxd5 Qxd5 10. d4 cxd4 11. Be3 d3 12. Ne1 Qd6 13. Nxd3 Nc6 14. Rc1 Nd4 15.
Re1 Rd8 16. Qa4 Bd7 17. Qb4 Qxb4 18. Nxb4 Nf5 19. Bf4 e5 20. Bd2 Bc6 21. Bc3
Bxg2 22. Kxg2 e4 23. Bxg7 Kxg7 24. Red1 Rac8 25. Rxd8 Rxd8 26. Rc4 a5 27. Nc2
Rd2 28. e3 Nd6 29. Rc5 b6 30. Rc6 Nb7 31. b4 axb4 32. Nxb4 Na5 33. Rc2 Rxc2 34.
Nxc2 Kf6 35. f3 Ke5 36. Nb4 Nc4 37. Kf2 h5 38. g4 Nd2 39. gxh5 gxh5 40. Nc6+ Kd5
41. Nd4 Nxf3 42. Nxf3 exf3 43. Kxf3 Ke5 44. a4 f5 45. Ke2 Ke4 46. Kd2 Kf3 0-1

[Event "Reykjavik Open 2016"]
[Site "Reykjavik ISL"]
[Date "2016.03.15"]
[Round "9.2"]
[White "Rapport, Richard"]
[Black "Mamedyarov, Shakhriyar"]
[Result "1/2-1/2"]
[WhiteTitle "GM"]
[BlackTitle "GM"]
[WhiteElo "2720"]
[BlackElo "2747"]
[WhiteFideId "738590"]
[BlackFideId "13401319"]
[EventDate "2016.03.08"]

1. Nf3 Nf6 2. g3 g6 3. Bg2 Bg7 4. d4 O-O 5. O-O d6 6. a4 a5 7. Re1 Nbd7 8. e4 e5
9. Nc3 Re8 10. h3 c6 11. Be3 exd4 12. Bxd4 Qc7 13. Qd2 Ne5 14. Nh2 Nc4 15. Qg5
Qd8 16. Na2 h6 17. Qc1 c5 18. Bc3 Nb6 19. b3 d5 20. exd5 Nbxd5 21. Be5 Bf5 22.
c4 Nb4 23. Nxb4 cxb4 24. Bxb7 Ra7 25. Bc6 Re6 26. Bg2 Rae7 27. Nf3 Ne4 28. Bxg7
Kxg7 29. Nh4 Nc3 30. Nxf5+ gxf5 31. Rxe6 Rxe6 32. Bf3 Qd4 33. Kg2 Ne4 34. Bxe4
Qxe4+ 35. Kg1 Qd3 36. Qd1 Rd6 37. Qxd3 Rxd3 38. Re1 Rxb3 39. Re5 Rc3 1/2-1/2

[Event "Reykjavik Open 2016"]
[Site "Reykjavik ISL"]
[Date "2016.03.15"]
[Round "9.3"]
[White "Brunello, Sabino"]
[Black "Andreikin, Dmitry"]
[Result "0-1"]
[WhiteTitle "GM"]
[BlackTitle "GM"]
[WhiteElo "2567"]
[BlackElo "2732"]
[WhiteFideId "813613"]
[BlackFideId "4158814"]
[EventDate "2016.03.08"]

1. d4 g6 2. c4 Bg7 3. Nc3 d6 4. e4 e5 5. d5 Nd7 6. Nf3 a5 7. h3 Nc5 8. Be3 h5 9.
Be2 b6 10. Qc2 Bh6 11. Bxh6 Nxh6 12. O-O-O f5 13. exf5 Bxf5 14. Qd2 Nf7 15. Qe3
Qf6 16. Nd2 Qg5 17. Qxg5 Nxg5 18. f4 exf4 19. Rhf1 O-O 20. Rxf4 Rae8 21. Rdf1
Re3 22. Kd1 Rfe8 23. Bxh5 Bd3 0-1

[Event "Reykjavik Open 2016"]
[Site "Reykjavik ISL"]
[Date "2016.03.15"]
[Round "9.4"]
[White "Rambaldi, Francesco"]
[Black "Sargissian, Gabriel"]
[Result "1-0"]
[WhiteTitle "GM"]
[BlackTitle "GM"]
[WhiteElo "2541"]
[BlackElo "2702"]
[WhiteFideId "20657307"]
[BlackFideId "13300881"]
[EventDate "2016.03.08"]

1. e4 e5 2. Nf3 Nc6 3. Bb5 a6 4. Ba4 Nf6 5. O-O Be7 6. Re1 b5 7. Bb3 O-O 8. c3
d6 9. h3 Nd7 10. d4 Bf6 11. a3 Nb6 12. d5 Na5 13. Ba2 c6 14. dxc6 Be6 15. Bd5
Rc8 16. Be3 Nbc4 17. b3 Nxe3 18. Rxe3 Nxc6 19. Rd3 Nd4 20. cxd4 Bxd5 21. Nbd2
Bb7 22. dxe5 Bg5 23. Nxg5 Qxg5 24. exd6 Rfd8 25. Rc1 Rxc1 26. Qxc1 Rd7 27. Qc3
f6 28. f3 a5 29. b4 a4 30. Nf1 Qe5 31. Qc5 Kf7 32. Ne3 Qa1+ 33. Nd1 Qe5 34. Nc3 1-0

[Event "Reykjavik Open 2016"]
[Site "Reykjavik ISL"]
[Date "2016.03.15"]
[Round "9.5"]
[White "Cheparinov, Ivan"]
[Black "Paehtz, Elisabeth"]
[Result "1-0"]
[WhiteTitle "GM"]
[BlackTitle "IM"]
[WhiteElo "2684"]
[BlackElo "2474"]
[WhiteFideId "2905540"]
[BlackFideId "4641833"]
[EventDate "2016.03.08"]

1. d4 d5 2. c4 c6 3. Nf3 Nf6 4. Nc3 a6 5. c5 Nbd7 6. Bf4 Nh5 7. Bd2 Nhf6 8. Qc2
g6 9. g3 Bg7 10. Bg2 O-O 11. O-O Re8 12. Rad1 b5 13. cxb6 Nxb6 14. Ne5 Bf5 15.
Qc1 Rc8 16. Bh6 Qc7 17. Bxg7 Kxg7 18. Qf4 c5 19. dxc5 Qxc5 20. g4 Be6 21. e3 Nc4
22. Nxc4 dxc4 23. g5 Nd7 24. Bd5 Nf8 25. e4 Qc7 26. Qe3 Qc5 27. Rd4 Qa7 28. Re1
Rb8 29. Re2 Rec8 30. Red2 Qb6 31. h4 Kg8 32. Kg2 Qc5 33. f4 Qb6 34. Qf2 Bxd5 35.
exd5 Qb7 36. Kg3 Nd7 37. h5 Qb6 38. d6 e6 39. hxg6 hxg6 40. Qh2 Qd8 41. Qh4 Qf8
42. Ne4 Rb5 43. Rh2 Qg7 44. Nf6+ Nxf6 45. gxf6 g5 46. Qh3 gxf4+ 47. Kf3 1-0